Числительные в названиях произведений - Statistics

General Stats
  • This quiz has been taken 29 times
  • The average score is 22 of 30
Answer Stats
Произведение Число % Correct
___ дома 1
100%
___ и одна ночь 1000
100%
___ стульев 12
100%
___ поросёнка 3
100%
___ алых роз 1000000
96%
___ далматинец 101
96%
Али-Баба и ___ разбойников 40
96%
Мне ___ лет 20
92%
Груз ___ 200
92%
___ спартанцев 300
92%
___ сантиметров в секунду 5
92%
___ дней одного года 9
92%
Лемони Сникет: ___ несчастья 33
88%
Угнать за ___ секунд 60
88%
Рассказ о ___ повешенных 7
88%
Из ___ в 30 13
76%
___ июня 31
76%
___ попугаев 38
76%
Спортлото-___ 82
72%
___ ронинов 47
64%
Айболит-___ 66
64%
___ метра 72
64%
Глава ___ 27
60%
___ дней лета 500
60%
___ лье под водой 20000
52%
Космическая одиссея ___ года 2001
40%
___ ударов 400
36%
___ франков 99
36%
___ часов 127
32%
Класс-___ 1999
16%
No matching quizzes found
Score Distribution
Percent of People with Each Score
Percentile by Number Answered
Your Score History
You have not taken this quiz